01166nmm a2200337 a 4500003000900000005001700009008004100026020001800067040001300085100002400098245004700122250001200169260006400181300001600245500010500261504006900366650002800435650002900463650002300492650003300515650002700548650002300575650003200598650002800630651001400658653002200672653002500694700003700719700003500756700003700791AR-BaBNM20251128205242.0011101s1993 ||||||||||||||000 | spa|| a950-99882-3-5 cAR-BaBNM1 aZanotti, Luis Jorge10aLuis Jorge Zanottibsu obra fundamental. 1 a1ª ed. aBuenos AiresbInstituto de Investigaciones Educativasc19930 a735 p.bil.0 aEn estas obras no se publicaron artículos que antes o después formaron parte de un trabajo mayor aContiene referencias bibliográficas en notas a pie de página 4aTEORIAS DE LA EDUCACION 4aHISTORIA DE LA EDUCACION 4aESTADO Y EDUCACION 4aORGANIZACION DE LA EDUCACION 4aFUTURO DE LA EDUCACION 4aPOLITICA EDUCATIVA 4aFINALIDADES DE LA EDUCACION 4aOBJETIVOS EDUCACIONALES 4aArgentina 0aSISTEMA EDUCATIVO 0aEDUCACION SECUNDARIA1 aZanotti, Gabriel J.eprologuista1 aZanotti, Pablo M.eprologuista1 aDe Titto, Raúl E.eprologuista